Quizzes
Events
Quiz Creation
Community
Videos
Private Events
Remove Ads
Sign In
Join for FREE
Feedback
Dark Mode
Quiz Categories
Sports
Geography
Music
Movies
Television
Just For Fun
Miscellaneous
History
Literature
Language
Science
Gaming
Entertainment
Religion
Holiday
For Kids
Quiz Lab
Recent
Popular Today
Quiz Kudos Today
Editor Picks
Curator Picks
Quizzes by...
Day
Popularity
Type
Ratings
Length
Year
Community
Subscriptions
Recent Discussions
Orange Saloon
Badges
Playlists
Quests
Create
Leaderboards
Showdown
Live 5
Trivia Bingo
Activity
Puzzle Library
Sporcle Events
Private Events
Virtual Trivia
Globe League
Become a Host
Pub Owners
SporcleCon
Opinionation
Our Games
Videos
Blog
Mobile Apps
Partnerships
Remove Ads and Go Orange
Feedback
Sports
Athletes
MLB
NBA
NHL
NFL
Soccer
Sports Teams
WWE
NCAA
Football
Premier League
Basketball
Baseball
Hockey
Golf
Tennis
Cricket
Rugby
Auto Racing
Olympics
World Cup
Sports
Athletes
MLB
NBA
NHL
NFL
Soccer
Sports Teams
WWE
NCAA
Football
Premier League
Basketball
Baseball
Hockey
Golf
Tennis
Cricket
Rugby
Auto Racing
Olympics
World Cup
Random Quiz
Search Sporcle
×
Quiz Lab
Quiz Lab
Sports
Baseball
Type in answers that appear in a list
Type in answers that appear in a list
Classic
Best Score? Go Orange.
MLB Most Games Playing 2B By Team (99-10) Stats
Can you name the players who played the most games at second base for each MLB team since the 1999 season?
By
sultanofswing
9m
90 Questions
3,164 Plays
3,164 Plays
3,164 Plays
Comments
Comments
Give Quiz Kudos
Give Quiz Kudos
-
- Ratings
hide this ad
More Info
Replay
Link that replays current quiz
Next Quiz
Link to next quiz in quiz playlist
You Got
0%
They Got
Avg Score
41%
Avg Friend Score
Upgrade to see
Score Distribution
Jump to the score distribution portion of the page
Score
0/90
Timer
09:00
0
Plays Today
% Correct
Dustin Pedroia
90%
Robinson Cano
88.6%
Chase Utley
86.2%
Brian Roberts
85.6%
Craig Biggio
81.6%
Brandon Phillips
79.5%
Dan Uggla
74.8%
Alfonso Soriano
73.8%
Alfonso Soriano
73.8%
Michael Young
71.9%
Eric Young
71.8%
Eric Young
71.8%
Jeff Kent
71.3%
Jeff Kent
71.3%
Jeff Kent
71.3%
Luis Castillo
70.9%
Luis Castillo
70.9%
Jose Castillo
70.8%
Aaron Hill
67.6%
Rickie Weeks
67%
Ian Kinsler
65.1%
Bret Boone
64.8%
Placido Polanco
63.3%
Placido Polanco
63.3%
Roberto Alomar
62.2%
Roberto Alomar
62.2%
Jose Vidro
62.2%
Jay Bell
60.7%
David Bell
60.6%
Kelly Johnson
60.4%
% Correct
Marcus Giles
58.7%
Mark Ellis
56.8%
Freddy Sanchez
53.3%
Freddy Sanchez
53.3%
Chuck Knoblauch
51.8%
Ray Durham
48.9%
Ray Durham
48.9%
Asdrubal Cabrera
47.4%
Howie Kendrick
47.1%
Adam Kennedy
46.4%
David Eckstein
46.2%
Orlando Hudson
44.8%
Orlando Hudson
44.8%
Jose Lopez
40.9%
Todd Walker
40.7%
Mark Grudzielanek
38.3%
Mark Grudzielanek
38.3%
Mark Bellhorn
37.5%
Mark Loretta
35.2%
Clint Barmes
33.3%
Edgardo Alfonzo
32.1%
Fernando Vina
31.7%
Nick Punto
30.1%
Damian Jackson
29.3%
Akinori Iwamura
29.1%
Omar Infante
28.2%
Kazuo Matsui
28.1%
Marlon Anderson
27.4%
Tadahito Iguchi
26.9%
Pokey Reese
26.8%
% Correct
Maicer Izturis
25.9%
Ronnie Belliard
25.1%
Ronnie Belliard
25.1%
Ronnie Belliard
25.1%
Mike Fontenot
23.3%
Skip Schumaker
20.6%
Alex Cora
19.7%
Willie Harris
18.2%
Aaron Miles
16.6%
Aaron Miles
16.6%
Miguel Cairo
16.6%
Damion Easley
16.3%
Junior Spivey
15.6%
Luis Rivas
15.6%
Jorge Cantu
15.5%
Jose Offerman
15%
Alexi Casilla
15%
Jerry Hairston Jr.
12.7%
Delino DeShields
11.1%
Carlos Febles
10.8%
Jamey Carroll
10.3%
D'Angelo Jimenez
8.9%
Randy Velarde
8.5%
Warren Morris
7.7%
Homer Bush
7.3%
Keith Lockhart
5.7%
Alberto Callaspo
5.7%
Frank Menechino
4.8%
Terry Shumpert
1.6%
Dave Berg
1.2%
Quiz Playlist
Details
Report
Send in Message
Add To Playlist
More Info:
From 1999 to 2010. 2011 is NOT included
Classic:
Type in answers that appear in a list
Quiz Source
Last Updated: Feb 16, 2017
Quiz Scoreboard
CHALLENGE
Sign Up to Join the Scoreboard
Show All
Scores
Hide
Comments
May contain spoilers
Recently Published
9x9 Crossword: Cartoon Network
by jackfrog10
Miscellaneous
3m
College Basketball Coaching Resumes
by pancakes188
Sports
9m
Billboard Blitz: Fleetwood Mac
by CooCooCachoo
Music
15s
More to Explore
Quiz From the Vault
Featured Blog Post
Where Did the Easter Bunny Come From?
hide this ad
You Might Also Like...
Tags
Baseball Quiz
MLB Quiz
1999
base
Player
season
second
team
Today's Top Quizzes in Sports
Browse Sports
hide this ad
Today's Top Quizzes in Baseball
Browse Baseball
Top Contributed Quizzes in Sports
1
2022 World Cup Stars
2
Les meilleurs buteurs des matchs entre le PSG et l’OM
3
FIFA Club World Cup Champions
4
Les entraîneurs de l'OM et du PSG au 21e siècle
5
Criteria MLB: Left Handed Sluggers
6
AFC Teams Reveal (Wrong Answers Minefield)
7
2023 MLB Unique Player Accomplishments
8
Players with Multiple 50 Home Run Seasons
9
5-to-1: FBS Animal Nicknames
10
5-to-1: UK Sports Teams
Explore More
Trending Topics
Marvel
Anime
NBA
Crossword
Kpop
Disney
Harry Potter
NFL
Pokémon
Puzzle
WWE
Country
The Office
Soccer
Song
hide this ad
More By:
sultanofswing
Quiz
Plays
Rating
Category
Featured
Created
NBA Top 3 MVP Voting By Year
514,764
4.79
Sports
Apr 19, 2012
NBA Every 25 PPG Scorer In History
295,022
4.67
Sports
Dec 14, 2011
NBA Starters By Team (2000s)
185,185
4.56
Sports
Jan 24, 2011
NBA 2 Teammates, 35 Pts, 1 Game (2000s)
173,225
4.30
Sports
Mar 19, 2011
NFL 1,000 Yard Rushers
160,349
4.79
Sports
Sep 27, 2011
Go to Creator's Profile
Score Distribution
Quiz Creator Spotlight
sultanofswing
Follow
Send a Message
Quizzes Created
-
Created Quiz Play Count
-
More By This Creator
Popular Quizzes Today
1
Find the US States - No Outlines Minefield
2
Find the Countries of Europe - No Outlines Minefield
3
The Countries of the World
4
Find the US States
5
Risky Map Clicking: Biggest States A-Z
6
US States
7
Popular People in 1961
8
Movies - When Are They Set?
More Sports Quizzes
First XI: Andrew Robertson
Quiz Lab
Trending Quizzes
Risky Map Clicking: Least Populous States A-Z
1-10 Letter G Words
1-10 Letter F Words
Risky Map Clicking: Next State Alphabetically
Adjectives in 80s TV Shows
Recently Updated
Leaping Animals
pecheneg
Reality TV Shows (A-Z)
bhenderson79
Rickey Henderson's Hall of Fame Teammates
pecheneg
Champions League XIs: Arsenal
pecheneg
Quick Pick: Celebrities in WWE's Hall of Fame
aduchscher
A-Z Keypad Blitz II
pecheneg
Multiple Oscar Actors
pecheneg
Mystery Phrase Blitz: Oscar 'Best Actors'
pecheneg
F. Scott Fitzgerald Novels
LTH
Pick 3 Villains
ddd62291
Trending Topics
Disney
NBA
Marvel
Anime
Crossword
Harry Potter
Kpop
WWE
Pokémon
NFL
The Office
Puzzle
Country
Soccer
Song
Your Account Isn't Verified!
In order to create a playlist on Sporcle, you need to verify the email address you used during registration. Go to your
Sporcle Settings
to finish the process.
Report this User
Report this user for behavior that violates our
Community Guidelines
.
Details:
Send Report
Go to the Sporcle.com Mobile Site →
Comments